000
00272nam a22001217a 4500
008
230620b xxu||||| |||| 00| 0 eng d
082
_a
322.42
_b
CPK
245
_a
The Origins and Growth of Mau Mau
260
_a
Kenya
300
_a
II,321p
440
_n
5
942
_2
ddc
_c
BK
999
_c
1838
_d
1838